| 000 | 00493nam a2200181Ia 4500 | ||
|---|---|---|---|
| 003 | GCL | ||
| 008 | 140319s9999 xx 000 0 eng d | ||
| 040 |
_aGCL / _cGCL |
||
| 082 | 0 | 4 |
_a004 _bM L |
| 100 | 1 | _aMCKPOWN, PATRICK G | |
| 245 | 1 | 0 |
_aLIVING WITH COMPUTERS / _cMCKPOWN, PATRICK G |
| 260 |
_a[S.N] : _bHARCOUT BRAUCE COLLEGE PUBLISHRES ، _c1993 |
||
| 300 | _a661 | ||
| 650 | 0 | 4 | _aCOMPUTER SOFTWARE |
| 650 | 0 | 4 | _aCOMPUTER PROGRM |
| 650 | 0 | 4 | _aCOMPUTER - PROGRAMMERS |
| 942 |
_2ddc _cBK |
||
| 999 |
_c16542 _d16542 |
||